00622 2200265 4500001002100000005001500021035002000036007000300056008004100059020001500100082000800115084001400123100001800137245005000155250001100205260003400216300003300250650002500283990000800308990000800316990000800324990000800332990000800340990000800348INLIS00000000000993420220114104636 a0010-0122000135ta220114 g 0 ind  a9793235217 a668 a668 PER m0 aPermono, Ajar1 aMembuat Cairan Pencuci Piring /cAjar Permono aCet. 3 aJakarta :bPuspa Swara,c2004 avi +50hlm :bilus ;c20,5 CM 4aMembuat Sabun Piring a33A a33B a33C a33D a33E a33F